000 00683nma a22002057a 4500
008 120922s2012 o | cat d
041 _acat
041 _bspa
245 _aVocabulari de la loteria
_h[en línia]
260 _aBarcelona
_bGeneralitat de Catalunya. Corporació Catalana de Mitjans Audiovisuals
_c2012
520 _a53
592 _aObra terminològica
593 _aVTH
650 0 _966644
_ajocs d'atzar
773 _tÉs A Dir: El portal lingüístic de la Corporació Catalana de Mitjans Audiovisuals
856 _uhttps://esadir.cat/entrades/fitxa/id/4543
902 _a120922
942 _2ddc
_cPM
_n0
999 _c68538
_d68538